Retrouve le groupe : édition métal - Statistiques

Statistiques générales
  • Ce quiz a été pris 153 fois
  • Le résultat moyen est 30 sur 45
Statistiques - réponses
Question Tuile Select % Correct
A quel groupe appartient le morceau "Enemy of god"? Non
96%
A quel groupe appartient le morceau "Enemy of god"? Non
94%
A quel groupe appartient le morceau "Enemy of god"? Non
93%
A quel groupe appartient le morceau "Enemy of god"? Non
90%
A quel groupe appartient le morceau "Enemy of god"? Non
90%
A quel groupe appartient le morceau "Enemy of god"? Non
86%
Dans quel groupe Dave Lombardo n'a-t-il jamais joué? Non
81%
Dans quel groupe Dave Lombardo n'a-t-il jamais joué? Non
80%
Quels groupes de métal sont généralement classés dans la catégorie hardcore? Non
80%
Dans quel groupe Dave Lombardo n'a-t-il jamais joué? Non
79%
Dans quel groupe Dave Lombardo n'a-t-il jamais joué? Non
78%
Quels groupes de métal sont généralement classés dans la catégorie hardcore? Non
78%
Dans quel groupe Dave Lombardo n'a-t-il jamais joué? Non
77%
Lequel de ces titres de Cannibal Corpse n'existe pas? Hammer smashed face Non
77%
A quel groupe appartient le morceau "Enemy of god"? Non
76%
Quels groupes font partie du "Teutonic big 4"? Non
76%
Lequel de ces titres de Cannibal Corpse n'existe pas? Evisceration plague Non
76%
A quel groupe appartient le morceau "Enemy of god"? Non
75%
Dans quel groupe Dave Lombardo n'a-t-il jamais joué? Non
75%
Lequel de ces titres de Cannibal Corpse n'existe pas? Butchered at birth Non
75%
Lequel de ces titres de Cannibal Corpse n'existe pas? Devoured by vermine Non
73%
Quels groupes font partie du "Teutonic big 4"? Non
72%
Lequel de ces titres de Cannibal Corpse n'existe pas? I cum blood Non
72%
Lequel de ces titres de Cannibal Corpse n'existe pas? Meat hook sodomy Non
72%
Quels groupes font partie du "Teutonic big 4"? Non
71%
Quels groupes font partie du "Teutonic big 4"? Non
70%
Quels groupes de métal sont généralement classés dans la catégorie hardcore? Non
68%
Lequel de ces titres de Cannibal Corpse n'existe pas? Make them suffer Non
68%
Dans quel groupe Dave Lombardo n'a-t-il jamais joué? Non
65%
Quels groupes font partie du "Teutonic big 4"? Non
64%
Quels groupes de métal sont généralement classés dans la catégorie hardcore? Non
64%
Dans quel groupe Dave Lombardo n'a-t-il jamais joué? Non
63%
Quels groupes de métal sont généralement classés dans la catégorie hardcore? Non
62%
Lequel de ces titres de Cannibal Corpse n'existe pas? Necropedophile Non
62%
Quels groupes de métal sont généralement classés dans la catégorie hardcore? Oui
55%
Quels groupes de métal sont généralement classés dans la catégorie hardcore? Oui
48%
Quels groupes font partie du "Teutonic big 4"? Oui
44%
Quels groupes de métal sont généralement classés dans la catégorie hardcore? Oui
44%
Quels groupes font partie du "Teutonic big 4"? Oui
41%
Quels groupes de métal sont généralement classés dans la catégorie hardcore? Oui
41%
Quels groupes font partie du "Teutonic big 4"? Oui
37%
A quel groupe appartient le morceau "Enemy of god"? Oui
35%
Dans quel groupe Dave Lombardo n'a-t-il jamais joué? Oui
32%
Quels groupes font partie du "Teutonic big 4"? Oui
31%
Lequel de ces titres de Cannibal Corpse n'existe pas? Fucked with a gun Oui
21%
Aucun quiz correspondant
Distribution des résultats
% des personnes avec chaque résultat
Percentile par nombre de réponses
Votre historique - résultats
Vous n’avez pas pris ce quiz